500 Football Clubs - Statistics

General Stats
  • This quiz has been taken 225 times
    78 since last reset
  • The average score is 221 of 500
Answer Stats
Picture Answer % Correct
Nottingham Forest
96%
FC Barcelona
76%
Stade de Reims
76%
AS Roma
75%
Brentford FC
75%
Real Madrid
75%
Borussia Dortmund
73%
Brighton & Hove Albion
73%
Chelsea FC
73%
Eintracht Frankfurt
73%
Juventus
73%
Manchester City
73%
Manchester United
73%
Newcastle United
73%
Olympiacos
73%
Paris Saint-Germain
73%
Wolverhampton Wanderers
73%
AC Milan
71%
AFC Bournemouth
71%
Arsenal London
71%
Aston Villa
71%
Atlético Madrid
71%
Bayer Leverkusen
71%
Bayern München
71%
Leicester City
71%
Sevilla FC
71%
Tottenham Hotspur
71%
1. FC Köln
69%
Athletic Bilbao
69%
Crystal Palace
69%
Fulham FC
69%
Hull City
69%
Leeds United
69%
Napoli
69%
Real Sociedad
69%
Swansea City
69%
Twente Enschede
69%
VfL Wolfsburg
69%
Ajax Amsterdam
67%
Benfica
67%
Crvena Zvezda
67%
Everton
67%
FSV Mainz
67%
Galatasaray SK
67%
Glasgow Celtic
67%
Internazionale Milano
67%
Norwich City
67%
Paris FC
67%
PSV Eindhoven
67%
Queens Park Rangers
67%
Real Betis
67%
Sunderland AFC
67%
Watford
67%
Werder Bremen
67%
West Ham United
67%
Young Boys
67%
AS Monaco
65%
Atalanta
65%
Beşiktaş
65%
Borussia Mönchengladbach
65%
Hannover 96
65%
Liverpool FC
65%
Rangers
65%
Southampton FC
65%
Sporting Braga
65%
Sporting Clube de Portugal
65%
SS Lazio
65%
Valencia CF
65%
VfB Stuttgart
65%
Villarreal
65%
1. FC Kaiserslautern
63%
1. FC Union Berlin
63%
AZ Alkmaar
63%
Birmingham City
63%
Blackburn Rovers
63%
Burnley
63%
Celta de Vigo
63%
Derby County
63%
FC Porto
63%
Feyenoord
63%
Getafe
63%
Los Angeles Galaxy
63%
Monza
63%
Nantes
63%
Parma Calcio
63%
Rayo Vallecano
63%
RB Leipzig
63%
Sassuolo
63%
SC Freiburg
63%
Udinese Calcio
63%
Cardiff City
61%
CA River Plate
61%
Club Brugge
61%
Como
61%
Dynamo Kyiv
61%
FC København
61%
Genk
61%
Girona
61%
Hamburger SV
61%
Hellas Verona
61%
Hertha Berlin
61%
Hoffenheim
61%
Inter Miami
61%
Malmö FF
61%
Olympique Lyonnais
61%
RC Lens
61%
Shakhtar Donetsk
61%
Sheffield United
61%
Sheriff Tiraspol
61%
Boca Juniors
59%
Bologna FC
59%
Bristol City
59%
Club América
59%
Deportivo Alavés
59%
Dinamo Zagreb
59%
FC Augsburg
59%
FC Lorient
59%
Fiorentina
59%
Fortuna Düsseldorf
59%
Lille OSC
59%
Los Angeles FC
59%
Montpellier HSC
59%
New York City FC
59%
Sampdoria
59%
Santos
59%
Torino FC
59%
West Bromwich Albion
59%
Zenit Sankt Petersburg
59%
AEK Athens
57%
Atlanta United
57%
Bodø/Glimt
57%
CFC Genoa
57%
FC Basel
57%
Grêmio
57%
Hajduk Split
57%
Middlesbrough FC
57%
OGC Nice
57%
Olympique de Marseille
57%
Racing Club Strasbourg-Alsace
57%
RCD Mallorca
57%
Schalke 04
57%
Seattle Sounders
57%
Slavia Praha
57%
Stade Brestois
57%
Stade Rennais
57%
Sydney FC
57%
Toronto FC
57%
Al-Nassr
55%
Botafogo
55%
CF Cádiz
55%
CR Flamengo
55%
Deportivo de La Coruña
55%
Espanyol
55%
Lecce
55%
Legia Warszawa
55%
Levante
55%
Málaga CF
55%
Millwall
55%
Osasuna
55%
Qarabağ
55%
Reading
55%
Red Bull Salzburg
55%
RSC Anderlecht
55%
São Paulo
55%
Spartak Moskva
55%
Sparta Praha
55%
Stoke City
55%
Trabzonspor
55%
UD Las Palmas
55%
Aberdeen FC
53%
Al-Ittihad
53%
Almería
53%
Cagliari
53%
CSKA Moskva
53%
Dynamo Minsk
53%
Dynamo Moskva
53%
Empoli FC
53%
Ferencvárosi TC
53%
Granada CF
53%
Heidenheim
53%
Ipswich Town
53%
Lokomotiv Moskva
53%
Oxford United
53%
PAOK Thessaloniki
53%
Portsmouth FC
53%
Rotherham United
53%
Royal Antwerp
53%
Sankt Pauli
53%
Union Saint-Gilloise
53%
Venezia FC
53%
VfL Bochum
53%
Al-Hilal
51%
Auxerre
51%
Charlton Athletic
51%
FC Metz
51%
Fenerbahçe
51%
Gent
51%
Girondins de Bordeaux
51%
Heart of Midlothian
51%
Maccabi Tel Aviv
51%
Molde FK
51%
Panathinaikos
51%
Vancouver Whitecaps
51%
Wigan Athletic
51%
Wycombe Wanderers
51%
APOEL Nicosia
49%
Boavista
49%
Bolton Wanderers
49%
Eibar FC
49%
Luton Town
49%
Maccabi Haifa
49%
Pafos
49%
Palermo FC
49%
Palmeiras
49%
Rapid Wien
49%
Real Oviedo
49%
AFC Wimbledon
47%
Corinthians
47%
Dijon
47%
FC Groningen
47%
FC Utrecht
47%
Fluminense
47%
Milton Keynes Dons
47%
Plymouth Argyle
47%
Real Zaragoza
47%
SC Heerenveen
47%
Sheffield Wednesday
47%
Slovan Bratislava
47%
Vitesse Arnhem
47%
1. FC Nürnberg
45%
AC Ajaccio
45%
AS Saint-Étienne
45%
Austria Wien
45%
Barnsley
45%
Brøndby
45%
Cercle Brugge
45%
Colo-Colo
45%
Huddersfield Town
45%
Leganés
45%
Midtjylland
45%
Monterrey
45%
Orlando City
45%
Preston North End
45%
Real Valladolid
45%
Rosenborg
45%
Sparta Rotterdam
45%
Sporting Gijón
45%
Tigres UANL
45%
Chicago Fire
43%
Coventry City
43%
Elche
43%
FC Dallas
43%
Go Ahead Eagles
43%
İstanbul Başakşehir
43%
New York Red Bulls
43%
Partizan Belgrade
43%
Pisa SC
43%
Red Star Paris
43%
SCO Angers
43%
Standard Liège
43%
Toulouse FC
43%
Vitória de Guimarães
43%
AIK Stockholm
41%
Al-Ahly
41%
Charlotte FC
41%
Darmstadt 98
41%
Eintracht Braunschweig
41%
ESTAC Troyes
41%
Kaizer Chiefs
41%
LASK Linz
41%
Ludogorets Razgrad
41%
Orlando Pirates
41%
Salernitana
41%
Sturm Graz
41%
Vasco da Gama
41%
Vissel Kobe
41%
Wrexham
41%
Arminia Bielefeld
39%
Brann
39%
CF Montréal
39%
Chievo Verona
39%
Dundee United
39%
Dynamo Dresden
39%
Excelsior Rotterdam
39%
FK Krasnodar
39%
Frosinone
39%
Hibernian
39%
Internacional
39%
Kairat Almaty
39%
Karlsruher SC
39%
Lech Poznań
39%
Nashville SC
39%
Notts County
39%
Portland Timbers
39%
SC Paderborn
39%
Viktoria Plzeň
39%
Blackpool
37%
Cremonese
37%
FCSB
37%
Greuther Fürth
37%
Jagiellonia Białystok
37%
NEC Nijmegen
37%
Pumas UNAM
37%
Racing Club de Avellaneda
37%
Rosario Central
37%
Sankt Gallen
37%
SC Bastia
37%
Servette
37%
Shamrock Rovers
37%
SM Caen
37%
Adelaide United
35%
ADO Den Haag
35%
Al-Ahli
35%
Albacete
35%
Atlético Mineiro
35%
Bari
35%
Benevento Calcio
35%
Columbus Crew
35%
Elfsborg
35%
FC Zürich
35%
Grasshopper Club Zürich
35%
Independiente Avellaneda
35%
Philadelphia Union
35%
Raków Częstochowa
35%
Royal Charleroi
35%
SD Huesca
35%
SPAL
35%
Al-Ain
33%
Andorra FC
33%
Atlético Nacional
33%
Austin FC
33%
Chivas de Guadalajara
33%
Clermont Foot
33%
CSKA Sofia
33%
DC United
33%
Djurgårdens IF
33%
Estudiantes de La Plata
33%
Fortuna Sittard
33%
Hammarby IF
33%
Hansa Rostock
33%
HJK Helsinki
33%
Holstein Kiel
33%
Melbourne City
33%
Motherwell
33%
Newell's Old Boys
33%
NK Maribor
33%
Odense Boldklub
33%
Racing Santander
33%
Red Bull Bragantino
33%
Rio Ave
33%
Rubin Kazan
33%
Vaduz
33%
Atlas
31%
CFR Cluj
31%
Cruzeiro
31%
Delfino Pescara
31%
Elversberg
31%
Guangzhou FC
31%
Hapoel Be'er Sheva
31%
Huracán
31%
IFK Göteborg
31%
KS Cracovia
31%
Lugano
31%
Mamelodi Sundowns
31%
PEC Zwolle
31%
Perth Glory
31%
SV Sandhausen
31%
Tenerife
31%
Urawa Red Diamonds
31%
Wolfsberger AC
31%
Wydad Casablanca
31%
Brescia Calcio
29%
Cruz Azul
29%
En Avant Guingamp
29%
FC Cincinnati
29%
FC Sion
29%
FK Rostov
29%
Häcken
29%
Houston Dynamo
29%
Jahn Regensburg
29%
Kashima Antlers
29%
Minnesota United
29%
Peñarol
29%
San Jose Earthquakes
29%
Viking Stavanger
29%
AEK Larnaca
27%
Almere City
27%
Al-Shabab
27%
AS Nancy-Lorraine
27%
Estoril-Praia
27%
FC Thun
27%
Independiente Santa Fe
27%
Ingolstadt
27%
Kilmarnock
27%
Lausanne Sports
27%
Le Havre AC
27%
MSV Duisburg
27%
NAC Breda
27%
Pachuca
27%
Real Salt Lake
27%
San Lorenzo de Almagro
27%
Sivasspor
27%
Tijuana
27%
Western Sydney Wanderers
27%
Willem II Tilburg
27%
América de Cali
25%
Auckland City
25%
BATE Borisov
25%
Club León
25%
Club Nacional de Montevideo
25%
Colorado Rapids
25%
FC Seoul
25%
Gil Vicente
25%
Melbourne Victory
25%
Millonarios
25%
Noah
25%
Nordsjælland
25%
Omonia Nicosia
25%
RKC Waalwijk
25%
Saint Johnstone
25%
Saint Mirren
25%
The New Saints
25%
Velez Sarsfield
25%
Volendam
25%
VVV Venlo
25%
Westerlo
25%
Zorya Luhansk
25%
Al-Ettifaq
24%
Arouca
24%
Banfield
24%
Casa Pia
24%
Club Olimpia
24%
Dundee FC
24%
Espérance Tunis
24%
Famalicão
24%
FC Luzern
24%
Fredrikstad
24%
Górnik Zabrze
24%
Grenoble Foot
24%
Heracles Almelo
24%
Kawasaki Frontale
24%
Lechia Gdańsk
24%
Mechelen
24%
New England Revolution
24%
Pogoń Szczecin
24%
Rijeka
24%
Ross County
24%
Saint Louis City
24%
Shanghai Port
24%
Universidad Católica
24%
Universidad de Chile
24%
Yokohama F. Marinos
24%
Argentinos Juniors
22%
Aris Thessaloniki
22%
Bahia FC
22%
IFK Norrköping
22%
Jeonbuk Hyundai Motors
22%
Lanús
22%
Mjällby AIF
22%
Newcastle Jets
22%
Pyramids FC
22%
RFS
22%
Santa Clara
22%
Tigre
22%
Wellington Phoenix
22%
Atlético Junior
20%
Beitar Jerusalem
20%
Central Coast Mariners
20%
Dnipro-1
20%
Gwangju FC
20%
Kerala Blasters
20%
NK Celje
20%
Olimpija Ljubljana
20%
Portimonense
20%
Santos Laguna
20%
Shanghai Shenhua
20%
Sporting Kansas City
20%
Víkingur Reykjavik
20%
Zamalek
20%
Al-Sadd
18%
Baník Ostrava
18%
Breiðablik
18%
Chaves
18%
Deportivo Cali
18%
FC Goa
18%
Gamba Osaka
18%
Independiente del Valle
18%
LDU Quito
18%
Perugia
18%
San Diego FC
18%
Ulsan HD
18%
Zrinjski Mostar
18%
Apollon Limassol
16%
Aris Limassol
16%
ATK Mohun Bagan
16%
Club Bolívar
16%
Hapoel Tel-Aviv
16%
KÍ Klaksvík
14%
Johor Darul Ta'azim
12%
CS Herediano
10%
No matching quizzes found
Score Distribution
Percent of People with Each Score
Percentile by Number Answered
Your Score History
You have not taken this quiz since the last reset